000 00578nam a2200241Ia 4500
008 171120s9999 xx 000 0 und d
020 _a9.7881905986e+012
050 _a500
050 _bD554 2013
245 _aDictionary of science /
245 _cedited and compiled by Girish Arora.
250 _aSecond edition.
260 _aDelhi :
260 _bAdeline Books,
260 _c2013
300 _a643 pages :
300 _billustrations ;
300 _c21cm.
650 _aScience --
650 _aScience.
650 _xDictionaries.
700 _aTitle.
999 _c345164
_d345164